| 000 | 00512nam a2200169 i 4500 | ||
|---|---|---|---|
| 001 | 79521 | ||
| 003 | ES-MaACL | ||
| 007 | t| | ||
| 008 | 041021s1914 sp ||||1| spa d | ||
| 100 | 1 |
_aHerbertson, A. J. _962665 |
|
| 245 | 1 | 0 |
_aGeografĂa humana / _cpor A.J. Herbertson y F.D. Herbertson ; traducida por Juan Palau Vera. |
| 260 |
_aBarcelona : _bSeix Barral, _c1914. |
||
| 300 |
_a159 p. ; _c19 cm. |
||
| 700 | 1 |
_aHerbertson, F. D. _962666 |
|
| 700 | 1 |
_aPalau Vera, Juan. _988504 |
|
| 852 |
_aES-MaACL _jB-2787 |
||
| 999 |
_c79521 _d79521 |
||